|
|
|
|
| LEADER |
01224nam a2200313 a 4500 |
| 001 |
9776022 |
| 008 |
090706s1992 ru 000 0 eng d |
| 010 |
|
|
|a 51028973
|
| 020 |
|
|
|a 1853260118
|
| 020 |
|
|
|a 9781853260117
|
| 040 |
|
|
|a DLC
|c CarP
|d DLC
|
| 082 |
0 |
0 |
|a 813/.4
|2 20
|
| 100 |
1 |
|
|a Twain, Mark,
|d 1835-1910.
|
| 245 |
1 |
4 |
|a The adventures of Tom Sawyer and The adventures of Huckleberry Finn/
|c Mark Twain.
|
| 260 |
|
|
|a Moscow;
|a London:
|b Foreign Languages Pub. House;
|b wordsworth Classics,
|c 11992.
|
| 300 |
|
|
|a 395 p.;
|c 20 cm.
|
| 500 |
|
|
|a wordsworth Classics
|
| 541 |
1 |
|
|e 00014420
|
| 650 |
|
0 |
|a Sawyer, Tom (Fictitious character)
|v Fiction.
|
| 650 |
|
0 |
|a Finn, Huckleberry (Fictitious character)
|v Fiction.
|
| 650 |
|
0 |
|a Runaway children
|v Fiction.
|
| 650 |
|
0 |
|a Child witnesses
|v Fiction.
|
| 650 |
|
0 |
|a Male friendship
|v Fiction.
|
| 650 |
|
0 |
|a Boys
|v Fiction.
|
| 651 |
|
0 |
|a Mississippi River Valley
|v Fiction.
|
| 651 |
|
0 |
|a Missouri
|v Fiction.
|
| 852 |
4 |
|
|a Ayesha Abed Library
|j General Shelf.
|
| 999 |
|
|
|c 2115
|d 2115
|
| 952 |
|
|
|0 0
|1 0
|2 ddc
|4 0
|6 813_400000000000000_TWA_1992
|7 0
|9 1945
|a BRACUL
|b BRACUL
|c GEN
|d 2009-07-07
|g 171.00
|l 23
|m 135
|o 813.4 TWA
|p 3010014420
|r 2024-11-12
|s 2024-10-05
|t 1
|v 342.00
|w 2009-07-07
|y BK
|